000
00362nam a2200133Ia 4500
008
151001s9999||||xx |||||||||||||| ||und||
100
_a
माणक तिवाडी
245
_a
भारतीय संविधान कथ्य तथ्य
250
_a
1
260
_b
कलासन
260
_c
2004
300
_a
88
365
_b
21
999
_c
989079
_d
989076